000 00603nam a2200157 4500
001 122849
003 ES-MaACL
005 20230906192043.0
007 t|
008 070214s1933 mx r ||||0| spa d
245 0 0 _aPrograma para la enseñanza del ahorro en los jardines de niños y escuelas primarias oficiales del Distrito Federal /
_cSecretaría de Educación Pública, Departamento de Enseñanza Primaria y Normal.
260 _aMéxico :
_bLa Nación,
_c1933.
300 _a18 p ;
_c23 x 15 cm.
710 1 _aMéxico.
_bSecretaría de Educación Pública.
_95705
852 _aES-MaACL
_j1793-F-16
999 _c122849
_d122849